Statistics for E Vocabulary Words Quiz #1

Click here to take the quiz!

General Stats

  • This quiz has been taken 34,707 times
  • The average score is 14 of 22

Answer Stats

Definition Word % Correct
Related to horse-ridingEquestrian
84%
Snails as foodEscargot
84%
A widespread diseaseEpidemic
84%
Funeral speechEulogy
83%
Female sex hormone (American spelling)Estrogen
82%
Outer layer of skinEpidermis
81%
Tree whose leaves are eaten by koalasEucalyptus
81%
American term for main course;
Elsewhere its an appetizer
Entrée
77%
Where an ambassador livesEmbassy
77%
Wooden stand that holds an artist's canvasEasel
75%
A fertilized egg before it becomes a fetusEmbryo
68%
Good mannersEtiquette
66%
The central part of the psycheEgo
64%
Study of insectsEntomology
53%
SpyingEspionage
51%
Lawyer's titleEsquire
47%
Type of fencing swordEpee
47%
Mass migrationExodus
46%
Very articulateEloquent
36%
Morning snack eaten in Britain or the ShireElevenses
25%
An exitEgress
21%
World wearinessEnnui
21%

Score Distribution

Percentile by Number Answered

Percent of People with Each Score

Your Score History

You have not taken this quiz